| 000 | 00979nam a22002537a 4500 | ||
|---|---|---|---|
| 003 | BD-DhSAU | ||
| 005 | 20170809165901.0 | ||
| 008 | 161006b2015 bg ad||| |||| 00| 0 eng d | ||
| 040 | _aBD-DhSAU | ||
| 082 |
_222 _a630 _bSu81 |
||
| 100 |
_aSusmita, Najnin Jahan _4Reg. No. # 09-03480 |
||
| 245 |
_aStudy of the minimization of nitrogenous fertilizer (UREA) through bio-fertilizer use in mungbean / Ms Thesis _c Najnin Jahan Susmita |
||
| 260 |
_aDhaka : _bSher- e- Bangla Agricultural University , Department of Agronomy _c2015 |
||
| 300 |
_axiv , 91 p. : _bill. ; _c30 cm. |
||
| 590 | _aKamim | ||
| 650 | _aAgriculture | ||
| 650 | _aAgronomy | ||
| 650 | _aStudy of the minimization of nitrogenous fertilizer (UREA) | ||
| 650 | _aBio-fertilizer use in mungbean | ||
| 700 |
_aAmin, A.K.M. Ruhul _4Supervisor |
||
| 700 |
_aHossain, H.M.M. Tariq _4Co-Supervisor |
||
| 856 |
_uhttp://archive.saulibrary.edu.bd:8080/handle/123456789/979 _yOnline Access |
||
| 942 |
_2ddc _cTHESIS |
||
| 999 |
_c13597 _d13596 |
||